Quiz logo club Seria A 24/25 - Statistiques

Statistiques générales
  • Ce quiz a été pris 255 fois
  • Le résultat moyen est 15 sur 20
Statistiques - réponses
Par images Réponse % Correct
Juventus
100%
Inter Milan
97%
AC Milan
96%
AS Roma
90%
SSC Naples
90%
Atalanta Bergamo
89%
Lazio Roma
85%
FC Bologne
82%
Fiorentina
82%
FC Torino
78%
FC Genoa
71%
Udinese Calcio
70%
Cagliari
66%
US Lecce
63%
FC Empoli
62%
AC Monza
60%
Hellas Vérone
59%
Parma Calcio
56%
Como
52%
FC Venezia
52%
Aucun quiz correspondant
Distribution des résultats
% des personnes avec chaque résultat
Percentile par nombre de réponses
Votre historique - résultats
Vous n’avez pas pris ce quiz